[Event "TCh-FIN 2007-8"]
[Site "Finland FIN"]
[Date "2008.02.10"]
[Round "7"]
[White "Seeman,T"]
[Black "Dokutchaev,A"]
[Result "1/2-1/2"]
[WhiteElo "2420"]
[BlackElo "2402"]

1.Nf3 d5 2.g3 c6 3.Bg2 Bg4 4.O-O Nd7 5.d3 Ngf6 6.Nbd2 e5 7.e4 dxe4 8.dxe4 Bc5
9.Qe1 O-O 10.Nc4 Bxf3 11.Bxf3 b5 12.Ne3 Nb6 13.Qe2 Re8 14.Nf5 g6 15.Rd1 Qc7
16.Bg5 Re6 17.Nh6+ Kg7 18.Rd3 Be7 19.h4 Rd8 20.Rad1 Rxd3 21.Rxd3 Na4 22.b3 Nc5
23.Rd1 Rd6 24.Bxf6+ Bxf6 25.Ng4 Qd8 26.Rxd6 Qxd6 27.Qe3 h5 28.Nxf6 Kxf6 29.Qh6 Ke7
30.Qg5+ Kf8 31.Qh6+ Ke7 32.Qg5+ Kf8 33.Qh6+ Ke7  1/2-1/2

[Event "Bundesliga 2007-8"]
[Site "Zehlendorf GER"]
[Date "2008.02.10"]
[Round "9"]
[White "Predojevic,B"]
[Black "Berkes,F"]
[Result "1/2-1/2"]
[WhiteElo "2641"]
[BlackElo "2618"]

1.Nf3 d5 2.g3 c6 3.Bg2 Bg4 4.c4 e6 5.O-O Nd7 6.cxd5 cxd5 7.Nc3 Ngf6 8.Qb3 Bxf3
9.Bxf3 Qb6 10.Qxb6 Nxb6 11.d3 Kd7 12.Be3 Be7 13.Rfc1 Rhc8 14.a4 Kd8 15.Bf4 Nbd7
16.d4 a6 17.g4 h6 18.h4 Rc4 19.e3  1/2-1/2

[Event "10th TCh-Euro sen"]
[Site "Dresden GER"]
[Date "2008.02.11"]
[Round "1"]
[White "Lomer,E"]
[Black "Hoen,R"]
[Result "1/2-1/2"]
[WhiteElo "2119"]
[BlackElo "2284"]

1.Nf3 d5 2.g3 Nf6 3.Bg2 g6 4.O-O Bg7 5.d4 O-O 6.c4 c6 7.cxd5 Nxd5 8.Nc3 Nb6
9.h3 N8d7 10.Qc2 e5 11.Bg5 Qe8 12.Rfd1 h6 13.Be3 Nc4 14.Bc1 exd4 15.Nxd4 Qe7
16.Nxc6 bxc6 17.Bxc6 Rb8 18.Nd5 Qc5 19.Bxd7 Bxd7 20.b4 Rxb4 21.Nxb4 Qxb4
22.Rb1 Qa4 23.Qxa4 Bxa4 24.Rd5 Re8 25.Kf1 Bf8 26.Rd4 Rc8 27.Bf4 Bg7 28.Rd5 Nb6
29.Rd6 g5 30.Be3 Nc4 31.Ra6 Nxe3+ 32.fxe3 Bc2 33.Rb7 Be4 34.Re7 Bf5 35.g4 Be6
36.Raxa7 Rc1+ 37.Kf2 Ra1 38.Ra8+ Kh7 39.Rxe6 fxe6 40.Ra6 Bc3 41.Rxe6 Rxa2
42.Rc6 Ra3 43.Rc7+ Kg6 44.Rc6+ Bf6 45.Rc5 Ra6 46.Rf5 Bc3 47.Rc5 Rf6+ 48.Kg2 Bd2
49.e4 Be3 50.Rf5 Rxf5 51.exf5+ Kf6 52.Kf3 Bb6 53.Ke4 Bf2 54.Kd5 Be3 55.Ke4  1/2-1/2

[Event "10th TCh-Euro sen"]
[Site "Dresden GER"]
[Date "2008.02.12"]
[Round "2"]
[White "Guaglianone,M"]
[Black "Bagrunov,V"]
[Result "0-1"]
[WhiteElo "2033"]
[BlackElo "2074"]

1.Nf3 d5 2.g3 c6 3.Bg2 Bf5 4.d3 h6 5.O-O Nd7 6.Nbd2 Ngf6 7.Re1 Bh7 8.e4 e6
9.e5 Ng8 10.Nf1 Ne7 11.g4 Ng6 12.Ng3 Be7 13.d4 O-O 14.Bd2 c5 15.c3 b5 16.Nh5 a5
17.Qc1 Re8 18.g5 hxg5 19.Nxg5 cxd4 20.Nxh7 dxc3 21.Qxc3 Kxh7 22.Qh3 Kg8 23.f4 Bc5+
24.Kh1 Qh4 25.Qf3 Qf2 26.Qxf2 Bxf2 27.Re2 Bd4 28.Be1 Rec8 29.Rd2 Bb6 30.Bg3 Ne7
31.Bf2 Rc6 32.Ng3 g6 33.h4 Kg7 34.h5 Rf8 35.Bf3 Rc4 36.f5 gxf5 37.Bxb6 Nxb6
38.Kg2 f4 39.Nf1 Nf5 40.Bg4 Nd4 41.Rf2 Nc6 42.Re2 Nd7 43.Rae1 Nc5 44.b3 Re4
45.Rc1 Nxe5 46.Rxc5 Nxg4 47.Rxe4 dxe4 48.Rg5+ Kf6 49.Rxg4 e5 50.Rh4 Kg5 51.Rh2 Kh6
52.Kh3 f5 53.Kh4 Rg8 54.Rc2 Rg4+ 55.Kh3 Kxh5 56.Rc5 Rg1 57.Nh2 Rg3+  0-1

[Event "10th TCh-Euro sen"]
[Site "Dresden GER"]
[Date "2008.02.14"]
[Round "4"]
[White "Jorgensen,J"]
[Black "Prizant,M"]
[Result "1-0"]
[WhiteElo "2262"]
[BlackElo "2169"]

1.Nf3 d5 2.g3 c5 3.Bg2 Nc6 4.d4 e6 5.O-O Nf6 6.c4 Be7 7.Nc3 O-O 8.cxd5 exd5
9.Bg5 cxd4 10.Nxd4 h6 11.Be3 Re8 12.Nxc6 bxc6 13.Na4 Bf8 14.Qc2 Bd7 15.Bd4 Ne4
16.a3 Qa5 17.b4 Qb5 18.e3 Bf5 19.Nc3 Qb7 20.Nxe4 Bxe4 21.Bxe4 Rxe4 22.Rfc1 Re6
23.Rab1 Qd7 24.Kg2 Rg6 25.Qd3 h5 26.h3 Re8 27.Qd1 h4 28.g4 f5 29.f3 Bd6 30.Kh1 fxg4
31.hxg4 Bb8 32.Rb2 Qd6 33.f4 Qe6 34.Qf3 Qxg4 35.Qxg4 Rxg4 36.Rxc6 Kh7 37.Rg2 Rxg2
38.Kxg2 Re4 39.f5 Rg4+ 40.Kh3 Rg5 41.Kxh4 Rxf5 42.Rc8 Be5 43.Kg4 g6 44.Bxa7  1-0

[Event "10th TCh-Euro sen"]
[Site "Dresden GER"]
[Date "2008.02.14"]
[Round "4"]
[White "Felser,F"]
[Black "Nordstrom,F"]
[Result "1/2-1/2"]
[WhiteElo "2037"]
[BlackElo "2198"]

1.Nf3 d5 2.g3 g6 3.Bg2 Bg7 4.d3 e5 5.O-O Ne7 6.e4 O-O 7.exd5 Nxd5 8.Nbd2 Nc6
9.Re1 Re8 10.c3 Bf5 11.Ne4 h6 12.h3 Rb8 13.a4 a5 14.Qc2 b6 15.b3 Qd7 16.Kh2 Rbd8
17.Ba3 Be6 18.Rad1 f5 19.Ned2 Nxc3 20.Rc1 Nb4 21.Bxb4 axb4 22.Nxe5 Bxe5 23.Rxe5 Qxd3
24.Qxd3 Rxd3 25.Bc6 Re7 26.Nc4 Kf7 27.Rce1 Kf6 28.Kg1 Ne4 29.Bxe4 fxe4 30.R5xe4  1/2-1/2

[Event "10th TCh-Euro sen"]
[Site "Dresden GER"]
[Date "2008.02.14"]
[Round "4"]
[White "Gollasch,T"]
[Black "Kverndal,L"]
[Result "0-1"]
[WhiteElo "2091"]
[BlackElo "1914"]

1.Nf3 d5 2.g3 g6 3.Bg2 Bg7 4.d4 Nf6 5.c4 c6 6.O-O O-O 7.b3 Bf5 8.Nc3 Ne4
9.Bb2 Na6 10.Nxe4 Bxe4 11.Qd2 Nc7 12.Rfd1 Ne6 13.c5 Bxf3 14.Bxf3 f5 15.Qb4 b6
16.cxb6 axb6 17.Qd2 f4 18.Bg4 Ng5 19.Qc2 Qd6 20.Bc1 e5 21.gxf4 exf4 22.a4 c5
23.Ba3 f3 24.Rd3 Qf4 25.exf3 Bxd4 26.Bc1 Qe5 27.Rxd4 Qxd4 28.Bb2 Qf4 29.Qc3 d4
30.Qc4+ Qf7 31.Qxf7+ Rxf7 32.Kg2 h5 33.f4 hxg4 34.fxg5 Rf3 35.b4 Rb3 36.Bc1 Rxb4
37.Bf4 Raxa4 38.Re1 Kf7 39.Bd6 Ra7 40.Kg3 d3 41.f4 d2 42.Rd1 Rd4 43.Be5 Rd3+
44.Kxg4 Ra2 45.h4 Rc2 46.h5 gxh5+ 47.Kxh5 Rc1  0-1

[Event "10th TCh-Euro sen"]
[Site "Dresden GER"]
[Date "2008.02.15"]
[Round "5"]
[White "Clemens,C"]
[Black "Boehnisch,M"]
[Result "1-0"]
[WhiteElo "2303"]
[BlackElo "2369"]

1.g3 d5 2.Nf3 c6 3.Bg2 Nf6 4.O-O Bg4 5.d3 Nbd7 6.c4 e6 7.Nbd2 Bd6 8.b3 Qe7
9.a3 a5 10.Bb2 O-O 11.Qc2 e5 12.e4 d4 13.h3 Bxf3 14.Nxf3 Nh5 15.Bc1 g6 16.Bh6 Rfc8
17.a4 Nc5 18.Rae1 b5 19.axb5 cxb5 20.g4 Ng7 21.Nxd4 bxc4 22.bxc4 exd4 23.e5 Bc7
24.Bxa8 Rxa8 25.f4 Qh4 26.Qg2 Qd8 27.Bg5 Qe8 28.Qf3 Rb8 29.f5 Rb3 30.e6 gxf5
31.exf7+ Qxf7 32.Re7 Rxd3 33.Qa8+ Qf8 34.Rxg7+  1-0

[Event "10th TCh-Euro sen"]
[Site "Dresden GER"]
[Date "2008.02.15"]
[Round "5"]
[White "Sloth,J"]
[Black "Feller,J"]
[Result "1/2-1/2"]
[WhiteElo "2352"]
[BlackElo "2195"]

1.g3 d5 2.Nf3 Bg4 3.Bg2 Nd7 4.O-O Ngf6 5.d3 c6 6.Nbd2 e5 7.h3 Bh5 8.e4 dxe4
9.dxe4 Bc5 10.a4 O-O 11.Qe2 Re8 12.Qc4 a5 13.Nh4 Ba7 14.Nb3 Nf8 15.Bd2 Bb6
16.Nf5 Ne6 17.Kh1 Qc7 18.Bc3 Rad8 19.f3 Bg6 20.Nh4 Nd4 21.Nxd4 Bxd4 22.Nxg6  1/2-1/2

[Event "II ch-Ibero-Americano Gp B"]
[Site "Morelia MEX"]
[Date "2008.02.15"]
[Round "1"]
[White "Bruzon Batista,L"]
[Black "Galego,L"]
[Result "1-0"]
[WhiteElo "2607"]
[BlackElo "2529"]

1.Nf3 d5 2.g3 c6 3.Bg2 g6 4.O-O Bg7 5.c4 Nf6 6.Qb3 O-O 7.d4 a5 8.Nc3 a4 9.Qb4 a3
10.bxa3 Ne4 11.cxd5 c5 12.Qb3 Nxc3 13.Qxc3 Qxd5 14.Bb2 Nc6 15.e3 cxd4 16.Nxd4 Nxd4
17.exd4 Qa5 18.Qb4 Bf6 19.Rfc1 Rd8 20.Rc5 Qa4 21.Rc4 Qa5 22.Rac1 Be6 23.Qxa5 Rxa5
24.Rb4 b6 25.Rc6 Bxa2 26.Rcxb6 Kg7 27.Rc6 Ra7 28.a4 Be6 29.Rc5 Rad7 30.Bc6 Rd6
31.a5 Bh3 32.a6 Re6 33.Rc1 Rc8 34.d5 Rcxc6 35.dxc6  1-0

[Event "TCh-BEL 2007-8"]
[Site "Belgium BEL"]
[Date "2008.02.17"]
[Round "9"]
[White "Zamparo,S"]
[Black "Smits,May"]
[Result "1/2-1/2"]
[WhiteElo "2124"]
[BlackElo "2181"]

1.Nf3 d5 2.g3 Nd7 3.Bg2 e5 4.d3 Ngf6 5.O-O Bd6 6.Nc3 O-O 7.Nb5 Be7 8.c4 c6
9.Nc3 a6 10.e3 Re8 11.Qc2 Bd6 12.Nd2 d4 13.Nce4 Bc5 14.Nxc5 Nxc5 15.e4 Ne6
16.Nf3 Nf8 17.Bd2 c5 18.Rae1 Bd7 19.h3 b5 20.b3 bxc4 21.bxc4 Rb8 22.Rb1 Qc7
23.Rxb8 Rxb8 24.Rb1 Bc6 25.Kh2 N6d7 26.Nh4 g6 27.f4 f6 28.f5 g5 29.Nf3 Ba4
30.Qc1 Rxb1 31.Qxb1 Qb6 32.Qc1 h6  1/2-1/2

[Event "XXIV Open"]
[Site "Cappelle La Grande FRA"]
[Date "2008.02.17"]
[Round "2"]
[White "Frois,A"]
[Black "Lalic,B"]
[Result "1/2-1/2"]
[WhiteElo "2368"]
[BlackElo "2507"]

1.Nf3 d5 2.g3 Nf6 3.Bg2 e6 4.O-O b5 5.b3 Be7 6.c4 c6 7.Bb2 O-O 8.d3 Ba6 9.Nbd2 Nbd7
10.Qc2 Rc8  1/2-1/2

[Event "10th TCh-Euro sen"]
[Site "Dresden GER"]
[Date "2008.02.17"]
[Round "7"]
[White "Rapoport,V"]
[Black "Prizant,M"]
[Result "1-0"]
[WhiteElo "2271"]
[BlackElo "2169"]

1.Nf3 d5 2.g3 c5 3.Bg2 Nc6 4.O-O e5 5.d3 Nf6 6.Nbd2 Be7 7.e4 O-O 8.Re1 dxe4
9.dxe4 Qc7 10.c3 h6 11.h3 Be6 12.Qe2 Rfd8 13.Kh2 a6 14.Nh4 Bf8 15.Nc4 b5
16.Ne3 g6 17.Qf3 Bg7 18.Ng4 Nxg4+ 19.hxg4 Qe7 20.Be3 c4 21.Bf1 Rab8 22.a3 Na5
23.Rad1 Nb3 24.Ng2 Rxd1 25.Rxd1 Rd8 26.Bb6 Rxd1 27.Qxd1 Qd7 28.Qxd7 Bxd7
29.f3 Bf8 30.Bc7 f6 31.Ne3 Bc6 32.Nxc4 Nc5 33.Ne3 Na4 34.Nd1 Kf7 35.Bd3 Ke6
36.Bc2 Nc5 37.b4 Kd7 38.Bb6 Nb7 39.Ne3 Nd6 40.Bc5 Bg7 41.Kg2 Nb7 42.Bb6 Kd6
43.Bb3 Ke7 44.Nd5+ Kd7 45.Nc7 f5 46.gxf5 gxf5 47.Be6+  1-0

[Event "10th TCh-Euro sen"]
[Site "Dresden GER"]
[Date "2008.02.17"]
[Round "7"]
[White "Jorgensen,J"]
[Black "Mira,H"]
[Result "1/2-1/2"]
[WhiteElo "2262"]
[BlackElo "2153"]

1.Nf3 d5 2.g3 Bg4 3.Bg2 c6 4.d4 e6 5.O-O Nd7 6.c4 Ngf6 7.b3 a5 8.Nbd2 a4
9.Bb2 Qa5 10.Rc1 axb3 11.axb3 Bb4 12.Ra1 Qd8 13.Ne5 Rxa1 14.Bxa1 Bf5 15.Nd3 Bxd3
16.exd3 Qa5 17.Nf3 Qa2 18.Qb1 Qxb1 19.Rxb1 Ke7 20.Bb2 Ra8 21.Ra1 Rxa1+ 22.Bxa1 Ne8  1/2-1/2

[Event "10th TCh-Euro sen"]
[Site "Dresden GER"]
[Date "2008.02.17"]
[Round "7"]
[White "Troeger,R"]
[Black "Schwertel,J"]
[Result "1/2-1/2"]
[WhiteElo "2203"]
[BlackElo "1987"]

1.Nf3 d5 2.g3 Nf6 3.Bg2 Bf5 4.d3 e6 5.Nbd2 c6 6.O-O Be7 7.Qe1 O-O 8.e4 dxe4
9.dxe4 Bg6 10.Ne5 Nbd7 11.Nxg6 hxg6 12.Qe2 e5 13.a4 Nc5 14.Nc4 Qc7 15.f4 Ncd7
16.fxe5 Nxe5 17.Bf4 Bd6 18.Nxd6 Qxd6 19.Rad1 Qe7 20.Rd2 Rfd8 21.Rfd1 Rxd2
22.Rxd2 Re8 23.c3 a6 24.Rd1 Nfg4 25.Bh3  1/2-1/2

[Event "Aeroflot Open"]
[Site "Moscow RUS"]
[Date "2008.02.17"]
[Round "4"]
[White "Meier,Geo"]
[Black "Andriasian,Z"]
[Result "1/2-1/2"]
[WhiteElo "2570"]
[BlackElo "2532"]

1.Nf3 d5 2.g3 c6 3.Bg2 Bg4 4.c4 e6 5.O-O Nd7 6.cxd5 exd5 7.d3 Ngf6 8.h3 Bh5
9.Nc3 Bc5 10.Qb3 Qc8 11.e4 dxe4 12.dxe4 O-O 13.Kh2 Bxf3 14.Bxf3 Re8 15.Bg2 Bd4
16.Qc2 Bxc3 17.bxc3 Nc5 18.f3 Qc7 19.Be3 Qa5 20.Rfd1 h5 21.h4 Ncxe4 22.Bd4 c5
23.Bg1 Nxc3 24.Rd3 Ncd5 25.Qxc5 Qxc5 26.Bxc5 Re2 27.Kg1 b6 28.Bf1 Rc2 29.Bd4 Rac8
30.Ra3 R8c7 31.Rd1 Nc3 32.Re1 Ncd5 33.Rd1 Nb4 34.Be5 Rd7 35.Rb1 a5 36.Ra4 Rc5
37.Bb2 Rd2 38.a3 Nc6 39.Rf4 Nd7 40.g4 hxg4 41.fxg4 Nde5 42.Bxe5 Nxe5 43.Rxb6 Rc3
44.Bg2 Rg3 45.Rf2 Rxf2 46.Kxf2 Rxg4 47.Rb5 Nd3+ 48.Kf3 Rxh4 49.Ke3 Nf4 50.Be4 g6
51.Rxa5 f5 52.Bxf5 gxf5 53.Rxf5 Ne6 54.Rf6 Nc7 55.Rf3 Ra4 56.Kd2 Nb5 57.Rb3 Nd6
58.Rf3 Kg7 59.Kc2 Nb5 60.Kb2 Kg6 61.Rb3 Nc7 62.Rf3 Ne6 63.Kb3 Nc5+ 64.Kb2 Kg5
65.Rf7 Ra8 66.Rf1 Ne4 67.Rf3 Kg4 68.Rf7 Ra6 69.Rf1 Kg5 70.Rf3 Nd6 71.Kb3 Nf5
72.Kb4 Kf6 73.Rf1 Ke5 74.Rg1 Ra8 75.Rg5 Ke4 76.Rh5 Nd6 77.Rh1 Kd5 78.Rd1+ Kc6
79.Rc1+ Kb6 80.Rd1 Nb7 81.Rh1 Na5 82.Rh6+ Nc6+ 83.Kb3 Ra5 84.Rh8 Rg5 85.Rh3 Kb5
86.Kb2 Na5 87.Kc3 Rg4 88.Rd3 Nb7 89.Rd4 Rg3+ 90.Rd3 Rg5 91.Rd4 Nc5 92.Rb4+ Kc6
93.Rh4 Rg3+ 94.Kc4 Nb7 95.Kb4 Nd6 96.Rh6 Rg4+ 97.Kc3 Rf4 98.Kb3 Kc5 99.Rh5+ Kd4
100.Rh8 Rf3+ 101.Kb4 Rf7 102.Rh4+ Ne4 103.Kb3 Rf3+ 104.Kb4 Rf1  1/2-1/2

[Event "XXIV Open"]
[Site "Cappelle La Grande FRA"]
[Date "2008.02.18"]
[Round "3"]
[White "Vogel,Ja"]
[Black "Khurtsidze,N"]
[Result "1/2-1/2"]
[WhiteElo "2251"]
[BlackElo "2441"]

1.Nf3 d5 2.g3 c5 3.Bg2 b5 4.d4 e6 5.O-O Nf6 6.Bg5 Nbd7 7.Nbd2 Be7 8.a4 b4
9.c4 bxc3 10.bxc3 Ba6 11.Re1 h6 12.Bf4 O-O 13.Ne5 Rc8 14.Rb1 Nxe5 15.Bxe5 Qa5
16.dxc5 Qxc5 17.e4 Rfd8 18.Nb3 Qc6 19.Nd4 Qe8 20.Bxf6 Bxf6 21.exd5 Rxc3 22.Nb5 Rc4
23.Qb3 Bxb5 24.axb5 Rc3  1/2-1/2

[Event "XXIV Open"]
[Site "Cappelle La Grande FRA"]
[Date "2008.02.18"]
[Round "4"]
[White "Miroshnichenko,E"]
[Black "Salgado Lopez,I"]
[Result "1/2-1/2"]
[WhiteElo "2647"]
[BlackElo "2459"]

1.Nf3 d5 2.g3 Bg4 3.Bg2 Nd7 4.O-O Ngf6 5.c4 e6 6.cxd5 exd5 7.d3 Bc5 8.Qb3 Bb6
9.Nc3 Nc5 10.Qb4 a5 11.Qa3 O-O 12.Bg5 c6 13.Na4 Nxa4 14.Qxa4 d4 15.e4 h6
16.Bxf6 Qxf6 17.Nd2 Ra6 18.f3 Bd7 19.f4 Qe7 20.e5 Qb4 21.Qc2 Qc5 22.Qd1 Bc7
23.Ne4 Qe7 24.a4 Rb6 25.Rf2 Bc8 26.Rc1 Rb4 27.b3 Be6 28.Nd2 f5 29.exf6 Qxf6
30.Qc2 Qf7 31.Nc4 Bg4 32.Re1 Qd7 33.Nd2 Re8 34.Rxe8+ Qxe8 35.Be4 Qf7 36.Kg2 Qh5
37.h4 Bd7 38.f5 Qg4 39.Rf3 Bd8 40.Nc4 Qh5 41.Nd6 Be7 42.Nc4 Bd8 43.Qf2 Qe8
44.f6 Bxf6 45.Nxa5 b6 46.Nc4 Rxb3 47.Qa2 Rb4 48.Bxc6 Kh8 49.Bxd7 Qxd7 50.Qd2 Rb1
51.Qc2 Ra1 52.Nxb6 Qe6 53.Qc8+ Qxc8 54.Nxc8 Rxa4 55.Nd6 Kg8 56.Rf2 Ra3 57.Rd2 h5
58.Kf3 Ra1 59.Nc4 Kh7 60.Rf2 Rg1 61.Nd2 Re1 62.Re2 Rxe2 63.Kxe2 Kg6  1/2-1/2

[Event "10th TCh-Euro sen"]
[Site "Dresden GER"]
[Date "2008.02.18"]
[Round "8"]
[White "Sorensen,B"]
[Black "Nordstrom,F"]
[Result "1/2-1/2"]
[WhiteElo "2228"]
[BlackElo "2198"]

1.Nf3 d5 2.g3 g6 3.Bg2 Bg7 4.d4 Nf6 5.c4 c6 6.cxd5 cxd5 7.Ne5 O-O 8.Nc3 Nc6
9.O-O e6 10.Nxc6 bxc6 11.Qa4 Qb6 12.Bf4 Nd7 13.Be3 Ba6 14.Qc2 Rfc8 15.Rac1 Rab8
16.b3 Bf8 17.Na4 Qb5 18.Bf4 Ra8 19.Rfe1 c5 20.Nxc5 Nxc5 21.dxc5 Bxc5 22.Qb2 Bf8
23.e4 dxe4 24.Bxe4 Bb7 25.Be5 Bxe4 26.Rxe4 Rxc1+ 27.Qxc1 Bg7 28.Bxg7 Kxg7
29.Qc3+ Kg8 30.Rd4 Qb7 31.Rc4 Rd8 32.f3 Qd5 33.Rc8 Rxc8 34.Qxc8+ Kg7 35.Qc3+ Kg8
36.Kg2 e5 37.Qe3 Qa5 38.a4 h5 39.Qd3 Kg7 40.Qd7 Qb6 41.Qd3 Qc5 42.Kf1  1/2-1/2

[Event "XXIV Open"]
[Site "Cappelle La Grande FRA"]
[Date "2008.02.19"]
[Round "5"]
[White "Devereaux,M"]
[Black "Rasmussen,A"]
[Result "1/2-1/2"]
[WhiteElo "2348"]
[BlackElo "2468"]

1.Nf3 d5 2.g3 Nf6 3.Bg2 e6 4.c4 dxc4 5.Na3 a6 6.Nxc4 b5 7.Nce5 Ra7 8.a4 b4
9.d3 Bd6 10.Be3 c5 11.Rc1 Rc7 12.Nc4 Be7 13.Bf4 Rb7 14.Nfe5 Nd5 15.Bd2 O-O
16.e4 Nb6 17.Na5 Rc7 18.O-O f6 19.Nf3 e5 20.Qb3+ Kh8 21.Be3 Bd7 22.Nh4 Bxa4
23.Qe6 Nc8 24.Nf5 Bd7 25.Qb3 Bb5 26.Rfd1 Nd7 27.Bh3 Ndb6 28.Qe6 Bd7 29.Qa2 Na7
30.Bg2 Ba4 31.Rd2 Bd7 32.Nc4 Nac8 33.Nxb6 Nxb6 34.Qxa6 Rc6 35.Qb7 g6 36.Nxe7 Qxe7
37.Bh3 Rfc8 38.Bxd7 Qxd7 39.Qxd7 Nxd7 40.Ra1 Kg7 41.Ra7 R8c7 42.Ra8 Rc8 43.Ra7 R8c7
44.Ra8 c4 45.dxc4 Rxc4 46.Rd8 Nf8 47.f3 g5 48.Kf2 Ne6 49.Rb8 Nd4 50.Bxd4 Rxd4
51.Rxd4 exd4 52.Rxb4 Rc2+  1/2-1/2

[Event "10th TCh-Euro sen"]
[Site "Dresden GER"]
[Date "2008.02.19"]
[Round "9"]
[White "Rapoport,V"]
[Black "Feavyour,J"]
[Result "1-0"]
[WhiteElo "2271"]
[BlackElo "2094"]

1.Nf3 d5 2.g3 Nf6 3.Bg2 c6 4.b3 Bf5 5.Bb2 Nbd7 6.O-O e6 7.d3 Qc7 8.Nbd2 Be7
9.e4 dxe4 10.dxe4 Bg4 11.e5 Nd5 12.a3 O-O 13.c4 N5b6 14.Qe2 Rad8 15.h3 Bh5
16.Bd4 c5 17.Bc3 Nb8 18.Ne4 Nc6 19.g4 Bg6 20.Rad1 Rd7 21.Qe3 Rxd1 22.Rxd1 Rd8
23.Rxd8+ Nxd8 24.h4 h6 25.h5 Bxe4 26.Qxe4 Qd7 27.Nd2 Nc6 28.Bf1 Nd4 29.b4 Na4
30.Bxd4 Qxd4 31.Qxd4 cxd4 32.Nb3 Nc3 33.Nxd4 a5 34.bxa5 Bxa3 35.Bg2 Bb4 36.Nb3 Be7
37.Bxb7 Bd8 38.Kf1 Kf8 39.f4 Ke7 40.Bc6 Na2 41.c5 Nb4 42.Bb7 Bc7 43.a6 Bb8
44.Ke2 Ba7 45.Kd2 Kd7 46.Kc3 Nc6 47.Bxc6+ Kxc6 48.Kc4 f5 49.Nd4+ Kd7 50.gxf5 exf5
51.Nb5  1-0

[Event "10th TCh-Euro sen"]
[Site "Dresden GER"]
[Date "2008.02.19"]
[Round "9"]
[White "Lomer,E"]
[Black "Feller,J"]
[Result "0-1"]
[WhiteElo "2119"]
[BlackElo "2195"]

1.Nf3 d5 2.g3 c6 3.Bg2 Bg4 4.d4 Nd7 5.Nbd2 Ngf6 6.O-O e6 7.c4 Be7 8.Qc2 Bf5
9.Qb3 Qb6 10.cxd5 cxd5 11.Nh4 Qxb3 12.Nxb3 Bc2 13.Na5 b6 14.Nc6 Bd6 15.Bf4 Bxf4
16.gxf4 Nh5 17.Rac1 Ba4 18.e3 O-O 19.f5 Rfe8 20.fxe6 fxe6 21.Nf3 Bb5 22.Rfe1 Kf7
23.Nfe5+ Nxe5 24.Nxe5+ Kf8 25.Rc7 Re7 26.Rec1 Rae8 27.Bh3 Nf6 28.f3 Bc4 29.Rxe7 Rxe7
30.Nxc4 Rc7 31.Rc2 dxc4 32.Bxe6 b5 33.a4 a6 34.axb5 axb5 35.Kf2 Ke7 36.Bh3 Nd5
37.Bf1 Nb4 38.Rc3 Ra7 39.Ra3 Rxa3 40.bxa3 Nc2 41.a4 c3 42.axb5 Nxd4 43.Bd3 c2
44.Bxc2 Nxc2 45.f4 Kd6 46.e4 Kc5 47.e5 Kxb5 48.Kf3 Kc6 49.Ke4 Kd7 50.f5 Ke7
51.h4 Nb4 52.Kd4 Kf7 53.Kc5 Nd3+ 54.Kd6 Ke8 55.Ke6 Nf4+ 56.Kd6 Ng2 57.h5 h6
58.f6 gxf6 59.exf6 Kf7 60.Ke5 Ne3 61.Kf4 Nd5+ 62.Kg4 Nxf6+ 63.Kh4 Ke6 64.Kh3 Nxh5
65.Kg4 Ng7 66.Kh4 Kf6 67.Kg4 Kg6 68.Kh4 h5 69.Kg3 Kg5 70.Kh3 h4 71.Kg2 Kg4
72.Kh2 h3 73.Kh1 Kg3 74.Kg1 Ne8 75.Kh1 Nf6  0-1

[Event "Aeroflot Open"]
[Site "Moscow RUS"]
[Date "2008.02.21"]
[Round "8"]
[White "Maletin,P"]
[Black "Sebag,M"]
[Result "1/2-1/2"]
[WhiteElo "2573"]
[BlackElo "2510"]

1.Nf3 d5 2.g3 c6 3.Bg2 Bg4 4.c4 e6 5.cxd5 Bxf3 6.Bxf3 cxd5 7.O-O Nc6 8.Nc3 Nf6
9.d3 Be7 10.Bg2 O-O 11.a3 Rc8 12.Bd2 a6 13.Rc1 b5 14.b4 Qd7 15.Bf4 h6 16.e4 Bd6
17.exd5 exd5 18.Ne2 Bxf4 19.Nxf4 Nd4 20.Rxc8 Qxc8 21.Qa1 Nc6 22.Rc1 Qd7 23.Rc5 Ne7
24.h4 Qd6 25.Qc3 Rd8 26.h5 Rd7 27.Bh3 Ra7 28.Qc2 Qe5 29.Qd1 Qb2 30.Qc1 Qxc1+
31.Rxc1 Kf8 32.d4 a5 33.Rc5 axb4 34.axb4 Ra1+ 35.Kg2 Rb1 36.Rxb5 Nc6 37.Nd3 Rb3
38.Rb6 Rxd3 39.Rxc6 Rxd4 40.b5 Rb4 41.b6 d4 42.Rc8+ Ke7 43.Rc7+ Kd6 44.Rxf7 d3
45.Kf3 d2 46.Ke2 Rd4 47.Kd1 Nd5 48.Bg4 Rxg4 49.b7 Rb4 50.Kxd2 Ne7 51.Rxg7 Rxb7
52.Rh7 Rb2+ 53.Ke3  1/2-1/2

[Event "Masters"]
[Site "Bunratty IRL"]
[Date "2008.02.22"]
[Round "1"]
[White "Astaneh Lopez,A"]
[Black "Wijnhoven,T"]
[Result "1-0"]
[WhiteElo "2346"]
[BlackElo "1994"]

1.Nf3 d5 2.g3 c5 3.Bg2 Nc6 4.d4 e6 5.O-O Nf6 6.c4 cxd4 7.cxd5 exd5 8.Nxd4 Be7
9.Nc3 O-O 10.Be3 Bb4 11.Rc1 Be6 12.Ncb5 Nxd4 13.Qxd4 Qa5 14.Nc7 Rac8 15.a3 Bd6
16.Nxe6 fxe6 17.Qxa7 Qxa7 18.Bxa7 Be5 19.b3 Bb2 20.Rxc8 Rxc8 21.a4 Nd7 22.Rb1 Ba3
23.Bd4 Bb4 24.Be3 Kf8 25.h4 h6 26.Kf1 Ke7 27.Bd4 e5 28.Bb2 Kd6 29.Rd1 Nf6
30.f4 exf4 31.gxf4 Bc3 32.Ba3+ Kc6 33.e3 Kb6 34.Bxd5 Nxd5 35.Rxd5 Bf6 36.Rb5+ Ka6
37.h5 Rc2 38.Bc5 Rh2 39.Rb6+ Ka5 40.Rxb7  1-0

[Event "Masters"]
[Site "Bunratty IRL"]
[Date "2008.02.24"]
[Round "5"]
[White "Astaneh Lopez,A"]
[Black "Collins,S IRL"]
[Result "1-0"]
[WhiteElo "2346"]
[BlackElo "2394"]

1.Nf3 d5 2.g3 Nf6 3.Bg2 c6 4.O-O Bg4 5.d4 Nbd7 6.Nbd2 e6 7.Re1 Be7 8.c3 O-O
9.Qb3 Qb6 10.e4 h6 11.Qxb6 axb6 12.exd5 cxd5 13.a3 b5 14.Nb3 Nb6 15.Nh4 Rfe8
16.h3 Bh5 17.g4 Nfd7 18.gxh5 Bxh4 19.Bf4 Nc4 20.Re2 Be7 21.Rae1 Kf8 22.Nc1 Bd6
23.Bg3 Be7 24.Nd3 Nf6 25.Bf3 Nd6 26.Bg4 Nde4 27.Bh2 Ng5 28.Kg2 Nfe4 29.f4 Nh7
30.f5 exf5 31.Bxf5 Nhf6 32.Nf4 Nd6 33.Bg4 Rad8 34.Nd3 Nde4 35.Bc7 Ra8 36.Nf4 Ra6
37.Bf3 Bd6 38.Nxd5 Nxd5 39.Bxd6+ Rxd6 40.Rxe4 Nf4+ 41.Kg3 Rxe4 42.Rxe4 Ne6
43.Re5 Rb6 44.Be2 Nc7 45.Rc5 Re6 46.Bf3 Ne8 47.Bxb7 Nd6 48.Bf3 g6 49.hxg6 fxg6
50.b3 Re3 51.Kf2 Re6 52.a4 Rf6 53.Ke2 b4 54.cxb4 Nf5 55.Rxf5 gxf5 56.a5 f4
57.b5  1-0

[Event "ch-ROU"]
[Site "Cluj ROU"]
[Date "2008.02.27"]
[Round "4"]
[White "Badea,B"]
[Black "Miroiu,G"]
[Result "1/2-1/2"]
[WhiteElo "2491"]
[BlackElo "2076"]

1.Nf3 d5 2.g3 c6 3.h3 Nd7 4.d3 e5 5.e4 Ngf6 6.Nbd2 dxe4 7.dxe4 Be7 8.Bg2 O-O
9.O-O Qc7 10.Ne1 Nc5 11.f4 Rd8 12.Qf3 b6 13.b4 Ne6 14.c3 Ba6 15.Rf2 c5 16.a3 Rac8
17.Qe3 exf4 18.gxf4 Nh5  1/2-1/2

[Event "XI Open"]
[Site "Malaga ESP"]
[Date "2008.02.27"]
[Round "6"]
[White "Karlsson,L"]
[Black "Mirzoev,A"]
[Result "1/2-1/2"]
[WhiteElo "2488"]
[BlackElo "2518"]

1.g3 d5 2.Nf3 Nf6 3.Bg2 c6 4.O-O Bf5 5.d3 h6 6.c4 e6 7.Nc3 Nbd7 8.Be3 dxc4
9.dxc4 Be7 10.h3 O-O 11.Qc1 Qc7 12.Rd1 Rfd8 13.b3 e5  1/2-1/2

[Event "ch-ROU"]
[Site "Cluj ROU"]
[Date "2008.02.28"]
[Round "6"]
[White "Badea,B"]
[Black "Chirila,I"]
[Result "1-0"]
[WhiteElo "2491"]
[BlackElo "2400"]

1.Nf3 d5 2.g3 Bg4 3.Bg2 c6 4.d4 Nd7 5.O-O e6 6.Re1 Bd6 7.e4 dxe4 8.Rxe4 Ngf6
9.Re1 O-O 10.Nbd2 e5 11.h3 Bxf3 12.Nxf3 Qc7 13.Bg5 exd4 14.Nxd4 h6 15.Bd2 Rad8
16.Nf5 Be5 17.c3 Nc5 18.Qc2 Nd5 19.Re2 Bf6 20.Rae1 Ne6 21.h4 Nb6 22.Qe4 h5
23.Qf3 Nc4 24.Bc1 Ne5 25.Nh6+ Kh8 26.Qxh5 g6 27.Nxf7+ Kg8 28.Nxd8 gxh5 29.Nxe6 Qa5
30.Nxf8 Nd3 31.Nd7 Nxe1 32.Nxf6+ Kf7 33.Rxe1 Kxf6 34.a3 Qf5  1-0

[Event "10th Rector Cup"]
[Site "Kharkiv UKR"]
[Date "2008.02.29"]
[Round "3"]
[White "Khakimov,T"]
[Black "Kharchenko,B"]
[Result "0-1"]
[WhiteElo "2380"]
[BlackElo "2440"]

1.Nf3 d5 2.g3 c5 3.Bg2 Nc6 4.O-O e5 5.d3 Nf6 6.Nbd2 Bd6 7.e4 O-O 8.exd5 Nxd5
9.Nc4 f6 10.d4 e4 11.Nxd6 Qxd6 12.dxc5 Qxc5 13.Nd2 f5 14.Nb3 Qc4 15.Nd2 Qc5
16.Nb3 Qc4 17.Nd2 Qd4 18.c3 Qe5 19.Nc4 Qe6 20.Qe2 Qe7 21.f3 Qc5+ 22.Kh1 Be6
23.Ne3 Nf6 24.Bd2 Ne5 25.fxe4 fxe4 26.Rxf6 Rxf6 27.Bxe4 Rd8 28.b3 Ng4 29.Nxg4 Bxg4
30.Qxg4 Rxd2  0-1

[Event "TCh-HUN 2007-8"]
[Site "Budapest HUN"]
[Date "2008.03.02"]
[Round "7"]
[White "Markus,Rob"]
[Black "Landa,K"]
[Result "1/2-1/2"]
[WhiteElo "2586"]
[BlackElo "2678"]

1.Nf3 d5 2.g3 Nf6 3.Bg2 c6 4.O-O Bf5 5.d3 e6 6.Qe1 h6 7.Nbd2 Be7 8.e4 Bh7
9.Ne5 Nbd7 10.Nxd7 Qxd7 11.e5 Ng8 12.Qe2 Bd8 13.b3 Ne7 14.Ba3 Nf5 15.Nf3 Be7
16.Bxe7 Nxe7 17.d4 O-O 18.c4 Be4 19.Rfd1 Rfd8  1/2-1/2

[Event "TCh-HUN 2007-8"]
[Site "Budapest HUN"]
[Date "2008.03.02"]
[Round "7"]
[White "Csom,I"]
[Black "Nguyen Huynh Minh Huy"]
[Result "1/2-1/2"]
[WhiteElo "2455"]
[BlackElo "2398"]

1.Nf3 d5 2.g3 Nf6 3.Bg2 c6 4.b3 Bg4 5.Bb2 Nbd7 6.d3 e6 7.Nbd2 Bc5 8.O-O O-O
9.a3 a5 10.Ra2 Re8 11.Qa1 e5 12.e4 dxe4 13.dxe4 b5 14.Qe1 Qb6 15.Ra1 Rad8
16.h3 Bh5 17.Nh4 Nf8 18.Ndf3 N6d7 19.b4 axb4 20.axb4 Bd6 21.Nf5 Bb8 22.Bc1 Qb7
23.Nd2 Nb6 24.Nb3 Ne6 25.Be3 Qc7 26.Qc1 Nc4 27.Re1 f6 28.Ra6 Bf7 29.Na5 Nxa5
30.Rxa5  1/2-1/2